Statistiken für Länder, die mit ZWEI Konsonanten enden

Klicken Sie hier um das Quiz zu spielen!

Allgemein

  • Dieses Quiz wurde 689 mal gespielt
  • Das Durchschnittsergebnis liegt bei 17 aus 22

Antwortstatistiken

Länder% Korrekt
EuropaDeutschland
97%
EuropaEstland
91%
EuropaFinnland
91%
EuropaFrankreich
90%
EuropaLettland
90%
EuropaRussland
89%
EuropaGriechenland
88%
EuropaIrland
84%
EuropaIsland
84%
OzeanienNeuseeland
83%
EuropaÖsterreich
78%
EuropaDänemark
77%
AsienThailand
75%
EuropaLuxemburg
71%
EuropaWeißrussland
71%
AfrikaSwasiland
63%
EuropaVereinigtes Königreich
63%
EuropaUngarn
62%
OzeanienMarshallinseln
57%
AsienZypern
55%
EuropaVatikanstadt
52%
AsienBangladesch
41%

Verteilung der Resultate

Perzentil nach korrekt beantworteten Fragen

Anzahl Personen mit jedem Resultat

Ihre Resultats-Entwicklung

Sie haben dieses Quiz noch nicht gespielt